Pokémon - Les attaques de Grotadmorv d'Alola - Statistiques

Statistiques générales
  • Ce quiz a été pris 11 fois
  • Le résultat moyen est 11 sur 16
Statistiques - réponses
Niveaux Types Noms des attaques % Correct
Niveau 18 Poison Crochet Venin
86%
Départ Normal Écras'Face
86%
Niveau 52 Poison Éructation
86%
Départ Poison Gaz Toxik
86%
Niveau 32 Ténèbres Mâchouille
86%
Départ Ténèbres Morsure
86%
Niveau 26 Poison Toxik
86%
Niveau 40 Poison Détricanon
71%
Niveau 15 Poison Détritus
71%
Niveau 46 Poison Acidarmure
57%
Niveau 12 Normal Entrave
57%
Niveau 21 Normal Lilliput
57%
Niveau 29 Ténèbres Sabotage
57%
Niveau 57 Ténèbres Souvenir
57%
Départ Normal Armure
43%
Niveau 37 Normal Grincement
43%
Aucun quiz correspondant
Distribution des résultats
% des personnes avec chaque résultat
Percentile par nombre de réponses
Votre historique - résultats
Vous n’avez pas pris ce quiz